000
00280nam a2200121Ia 4500
008
190216s9999||||xx |||||||||||||| ||und||
100
_a
Ninan V I
245
0
_a
Bsc Subsidiary Statistics
260
_b
Mar Gregorious
_c
1981
300
_a
293
650
_a
Mathematics
942
_c
BK
999
_c
37209
_d
37209